100 séries Netflix - Statistiques

Statistiques générales
  • Ce quiz a été pris 2 866 fois
  • Le résultat moyen est 9 sur 100
Statistiques - réponses
Hint Réponse % Correct
84 Stranger
72%
85 Stranger Things
57%
46 La Casa de Papel
55%
26 Elite
54%
2 3%
39%
100 You
39%
64 Outer Banks
38%
79 Sex Education
37%
1 13 Reasons Why
33%
53 Lucifer
32%
62 Orange is the New Black
29%
87 The Crown
24%
96 Umbrella Academy
23%
59 Narcos
22%
68 Peaky Blinders
22%
94 The Witcher
21%
8 Black Mirror
19%
27 Emily in Paris
19%
48 Le Jeu de la Dame
19%
20 DARK
17%
49 Les Demoiselles du Téléphone
16%
61 On My Block
13%
4 Atypical
12%
65 Outlander
11%
66 Ozark
10%
89 The End of The Fucking World
10%
16 Cobra Kai
9%
38 House of Cards
9%
78 Sense8
9%
32 Good Girls
8%
91 The Good Place
7%
28 Family Business
6%
57 MINDHUNTER
6%
7 Big Mouth
5%
95 Top Boy
5%
6 Better Call Saul
4%
58 Mortel
4%
63 Orphan Black
4%
74 Ragnarök
4%
92 The Haunting of Hill House
4%
99 Virgin River
4%
12 Bodyguard
3%
13 Bojack Horseman
3%
34 Grand Army
3%
60 Narcos : Mexico
3%
69 Perdus dans l'Espace
3%
75 Ratched
3%
17 Comment élever un super-héros ?
2%
19 Dans leur regard
2%
22 Désenchantée
2%
70 Poupée Russe
2%
93 The Haunting of Bly Manor
2%
97 Unbelievable
2%
98 Unorthodox
2%
3 After life
1%
5 Barbares
1%
11 Bloodline
1%
14 Captive
1%
21 Dear White People
1%
23 Devilman Crybaby
1%
25 Dracula
1%
29 F is for Family
1%
31 Godless
1%
33 Grace et Frankie
1%
37 Hollywood
1%
42 Kalifat
1%
44 Kingdom
1%
45 La Casa de Las Flores
1%
51 Love Alarm
1%
55 Maniac
1%
56 Master of None
1%
73 Quicksand
1%
82 Space Force
1%
10 Blood of Zeus
0%
9 Blood & Water
0%
15 Castlevania
0%
18 Dans les bois
0%
24 Dorohedoro
0%
30 Giri/Haji
0%
35 Great Pretender
0%
36 Greenleaf
0%
39 How To Spell Drugs Online (Fast)
0%
40 Japan Sinks : 2020
0%
41 Ju-On Origins
0%
43 Kengan Ashura
0%
47 La disparition de Soledad
0%
50 Locke & Key
0%
52 Love, Death & Robots
0%
54 Manhunt : Unabomber
0%
67 Paranormal
0%
71 Queen Sono
0%
72 Quelqu'un Doit Mourir
0%
76 Rilakkuma et Kaoru
0%
77 Self-Made
0%
80 Social Distance
0%
81 Somethings in The Rain
0%
83 Star Trek : Discovery
0%
86 Suburra
0%
88 The Eddy
0%
90 The English Game
0%
Aucun quiz correspondant
Distribution des résultats
% des personnes avec chaque résultat
Percentile par nombre de réponses
Votre historique - résultats
Vous n’avez pas pris ce quiz